000 05128nam a22005417a 4500
005 20110121141013.0
010 _aENG-101930 B-453338-357
020 _a9780198072256
_c395.00
020 _a0198072252
_c395.00
035 _aB-453338-357
037 _bDBAD/PUB
037 _bAllied Pub/Ven
082 _a305.5095496
100 1 _aLecomte-Tilouine, Marie
_949569
245 1 0 _aHindu kingship, ethnic revival, and Maoist rebellion in Nepal /
_cby Marie Lecomte-Tilouine
260 _aNew Delhi
_bOxford University Press
_c2011
270 _aYMCA Library Building, Jai Singh Road
_bNew Delhi
_e110001
300 _axiv, 294 p. :
_bill.,1 map
_c23cm (pbk)
490 0 _aOxford collected essays
_949570
500 _aIncludes bibliographical references (p. [270]-283) and index.
520 _aStudy on Magars and their relations with other castes.
650 0 _aMagar (Nepalese people)
_xEthnic identity.
_949571
650 0 _aCaste
_zNepal.
_949572
942 _2ddc
_cEN
_h305.5095496
_mLEC
999 _c50008
_d50008